Cơ sở lý luận văn hóa Mác-Lê-Nin /
שמור ב:
| מחבר ראשי: | |
|---|---|
| פורמט: | ספר |
| שפה: | Vietnamese |
| יצא לאור: |
Tp.HCM :
Trường văn hóa ,
1984
|
| מהדורה: | In lần thứ 1 |
| נושאים: | |
| תגים: |
הוספת תג
אין תגיות, היה/י הראשונ/ה לתייג את הרשומה!
|
| Thư viện lưu trữ: | Thư viện Trường CĐ Kỹ Thuật Cao Thắng |
|---|
| LEADER | 00661nam a2200193 a 4500 | ||
|---|---|---|---|
| 001 | TVCDKTCT2313 | ||
| 003 | Thư viện trường Cao đẳng Kỹ thuật Cao Thắng | ||
| 005 | 20050816000000 | ||
| 008 | 050816 | ||
| 980 | \ | \ | |a Thư viện Trường CĐ Kỹ Thuật Cao Thắng |
| 024 | |a RG_1 #1 eb0 i1 | ||
| 041 | 0 | # | |a vie |
| 082 | # | # | |a 306 / |b H407V-c |
| 100 | 1 | # | |a I.ác-Nôn Đôn A. |
| 245 | 0 | 0 | |a Cơ sở lý luận văn hóa Mác-Lê-Nin / |c I.ác-Nôn Đôn A. |
| 250 | # | # | |a In lần thứ 1 |
| 260 | # | # | |a Tp.HCM : |b Trường văn hóa , |c 1984 |
| 300 | # | # | |a 303tr. ; |c 19cm |
| 650 | # | 4 | |a Văn hóa--Lý luận--Mác--Lênin |